| 000 | 00734nam a2200241Ia 4500 | ||
|---|---|---|---|
| 003 | OSt | ||
| 005 | 20220926020617.0 | ||
| 006 | a|||||r|||| 00| 0 | ||
| 007 | ta | ||
| 008 | 220923b |||||||| |||| 00| 0 eng d | ||
| 037 | _cGeneral Book | ||
| 040 |
_aRTL _cRTL _beng |
||
| 041 |
_2eng _aeng |
||
| 082 | _aY:458.73.N7, L8 | ||
| 100 |
_aSadoff Robert L Ed. _9324814 |
||
| 245 | 0 |
_aViolence and responsibility _b The individual, the |
|
| 260 |
_aNew York _bS P Medical & Scientific Books _c1978 |
||
| 300 |
_a139p _ccm. |
||
| 500 | _aBibliography chapterwise | ||
| 650 |
_aSocial Crime _9233199 |
||
| 942 |
_hY:458.73.N7, L8 _cGB _2CC |
||
| 999 |
_c634658 _d634658 |
||